LEADER 01025nam--2200349---450 001 990001904280203316 005 20200429085727.0 010 $a88-06-13183-4 035 $a000190428 035 $aUSA01000190428 035 $a(ALEPH)000190428USA01 035 $a000190428 100 $a20040804d1993----km-y0itay0103----ba 101 0 $aita 102 $aIT 105 $aa---||||001yy 200 1 $aAttori mercanti corsari$ela Commedia dell'Arte in Europa tra Cinque e Seicento$fSiro Ferrone 210 $aTorino$cEinaudi$d1993 215 $aXXXII, 353 p., [24] carte di tav.$cill.$d22 cm 225 2 $aSaggi$v773 410 0$12001$aSaggi 606 0 $aCommedie$yEuropa$zSec. 16.-17. 676 $a792.2309 700 1$aFERRONE,$bSiro$0192283 801 0$aIT$bsalbc$gISBD 912 $a990001904280203316 951 $aXVII A. 1623 a$b1388 DLAS$cXVII A.$d00 951 $aXVII A. 1623$b3986 DLAS$cXVII A.$d00349356 959 $aBK 969 $aCAS 996 $aAttori mercanti corsari$9133551 997 $aUNISA LEADER 00988nam0-2200313 --450 001 9910670396303321 005 20230314124023.0 010 $a978-88-290-1093-6 100 $a20230314d2021----kmuy0itay5050 ba 101 0 $aita 102 $aIT 105 $aa a 001yy 200 1 $aFondamenti di governo del territorio$edal piano di tradizione alle nuove pratiche urbanistiche$fAndrea Filpa, Michele Talia 205 $a2. ed. 210 $aRoma$cCarocci editore$d2021 215 $a363 p.$cill.$d24 225 1 $aBiblioteca di architettura, urbanistica e design$v25 300 $aCon materiali online 610 0 $aUrbanistica$aItalia$aLegislazione 676 $a711.30945 700 1$aFilpa,$bAndrea$0269187 701 1$aTalia,$bMichele$010479 801 0$aIT$bUNINA$gREICAT$2UNIMARC 901 $aBK 912 $a9910670396303321 952 $aURB.LE B 3427$b226/2023$fFARBC 959 $aFARBC 996 $aFondamenti di governo del territorio$91108687 997 $aUNINA